Mario Kart World - Personnages Jouables - Statistiques

Statistiques générales
  • Ce quiz a été pris 65 fois
  • Le résultat moyen est 31 sur 50
Statistiques - réponses
Hint Réponse % Correct
Ancien Mario
100%
Ancien Peach
100%
Ancien Luigi
98%
Ancien Bowser
94%
Ancien Daisy
94%
Ancien Donkey Kong
92%
Ancien Waluigi
89%
Ancien Harmonie
87%
Ancien Wario
87%
Ancien Bébé Luigi
85%
Ancien Bébé Mario
85%
Ancien Toad
85%
Ancien Yoshi
85%
Ancien Bébé Harmonie
83%
Ancien Bowser Jr
83%
Ancien Bébé Peach
79%
Nouveau Goomba
79%
Ancien Bébé Daisy
77%
Ancien Koopa
77%
Ancien Toadette
75%
Ancien Birdo
74%
Ancien Roi Boo
74%
Ancien Skelerex
68%
Ancien Pauline
66%
Ancien Maskass
64%
Nouveau Plante Piranha
62%
Nouveau Dauphin
58%
Ancien Lakitu
57%
Nouveau Meuh Meuh
51%
Ancien Wiggler
45%
Ancien Carottin
43%
Nouveau Cheep Cheep
43%
Nouveau Ossec
43%
Nouveau Pianta
43%
Nouveau Zarbipas
43%
Nouveau Bonhomme de neige
42%
Nouveau Swooper
42%
Ancien Topi Taupe
42%
Nouveau Spike
38%
Nouveau Catacouac
36%
Nouveau Paracoccinelly
36%
Ancien Frère Marto
34%
Nouveau Pingouin
34%
Ancien Bill Dozer
32%
Nouveau Pico Condor
32%
Nouveau Torti Taupe
32%
Nouveau Paltrak
30%
Nouveau Pokey
30%
Nouveau Butitine
28%
Nouveau Crapognon
25%
Aucun quiz correspondant
Distribution des résultats
% des personnes avec chaque résultat
Percentile par nombre de réponses
Votre historique - résultats
Vous n’avez pas pris ce quiz